000 01205nam a2200253Ia 4500
001 9457
003 GE_BSU
008 181216s||||||||xx |||||||||||||| ||und||
020 _a9789941424984
040 _cGE_BSU
080 _a37.01(479.22)(09)
100 _aმენთეშაშვილი,ლია, შეროზია,ნატო
245 _aმე–19 საუკუნის ქართველ განმანათლებელთა პედაგოგიური შეხედულებები
245 _bქართ.პედაგ.ისტორიის საკითხები
245 _cრედ.ავთანდილ ასათიანი
260 _aთბილისი
260 _bმწიგნობარი
260 _c2013
300 _a108გვ.20სმ.
300 _eბიბლიოგრ. გვ. 106-107
653 _aმე–19 საუკუნის ქართველ განმანათლებელთა პედაგოგიური შეხედულებები
653 _aქართ.პედაგ.ისტორიის საკითხები
942 _cBK
999 _c42751
_d42751